[Event "Internet Section 06A g/8'+2\""]
[Site "Dos Hermanas"]
[Date "2004.03.06"]
[Round "1"]
[White "Papadakis, Michalis"]
[Black "Hernandez Cruz, Daniel"]
[Result "0-1"]
[WhiteElo "2236"]
[BlackElo "1598"]
[PlyCount "88"]
[EventDate "2004.03.06"]
[EventType "swiss (blitz)"]
[EventRounds "9"]
[EventCountry "ESP"]
[SourceTitle "CBM 099 Extra"]
[Source "ChessBase"]
[SourceDate "2004.05.04"]
[SourceVersion "1"]
[SourceVersionDate "2004.05.04"]
[SourceQuality "1"]

1. d4 Nf6 2. c4 c6 3. Nc3 d5 4. Nf3 Bg4 5. e3 e6 6. Be2 Bb4 7. 0-0 Nbd7 8. Bd2 0-0 9. a3 Ba5 10. b4 Bc7 11. h3 Bh5 12. Rc1 Ne4 13. Ne1 Bxe2 14. Qxe2 Nxd2 15. Qxd2 dxc4 16. Ne4 b5 17. Nf3 f6 18. a4 a6 19. Rfd1 Nb6 20. Nc5 Bd6 21. Nxe6 Qe7 22. Nxf8 Rxf8 23. a5 Nd5 24. Rb1 Re8 25. Re1 Qe4 26. Nh2 f5 27. f3 Qxe3+ 28. Rxe3 Rxe3 29. Nf1 c3 30. Qc2 Re7 31. Kf2 g6 32. Rb3 Bxb4 33. Rxb4 Nxb4 34. Qxc3 Nd5 35. Qxc6 Nb4 36. Qc5 Nd3+ 37. Kg3 Nxc5 38. dxc5 Rc7 39. Ne3 Rxc5 40. Kf4 b4 41. Nd1 Rxa5 42. Nb2 Ra2 43. Nc4 Rxg2 44. Ke5 b3 0-1